Els Costums marítims de Barcelona / Santiago Hernández i Izal
Publicado:
Barcelona :
Generalitat de Catalunya : Diputació de Barcelona : Ajuntament de Barcelona : Cambra Oficial de Comerç, Indústria i Navegació de Barcelona ,
1986
Descripción Física:
2 v. ; 30'5 cm
Materias:
Dret marítim -- Catalunya -- S. XIII
MARC
| LEADER | 00000nam a2200000Ia 4500 | ||
|---|---|---|---|
| 001 | 2308, 9086 | ||
| 008 | 160829s1986 - 1990 xx 000 0 cat d | ||
| 080 | |a FOL-1-203, FOL-1-204 | ||
| 100 | 1 | |a Hernàndez i Yzal, Santiago, |d 1921-2008 |9 28038 | |
| 245 | |a Els Costums marítims de Barcelona / Santiago Hernández i Izal | ||
| 260 | |a Barcelona : |b Generalitat de Catalunya : |b Diputació de Barcelona : |b Ajuntament de Barcelona : |b Cambra Oficial de Comerç, Indústria i Navegació de Barcelona, |c 1986 - 1990 | ||
| 300 | |a 2 v. ; |c 30'5 cm | ||
| 590 | |a Imprès a doble columna per pàgina. | ||
| 650 | |a Dret marítim |x Catalunya |x S. XIII |9 35835 | ||
| 710 | 1 | |a Catalunya. |b Generalitat |9 12125 | |
| 710 | 1 | |a Barcelona (Catalunya). |b Ajuntament |9 50981 | |
| 710 | 1 | |a Barcelona (Catalunya : Província). |b Diputació |9 52408 | |
| 710 | 2 | |a Cambra Oficial de Comerç, Indústria i Navegació de Barcelona |9 55031 | |
| 901 | |a Arxiu | ||
| 942 | |n 1 | ||
| 952 | |0 0 |1 0 |4 0 |6 FOL1203_FOL1204 |7 1 |9 47094 |a Arxiu |b Arxiu |d 2016-12-01 |l 0 |o FOL-1-203, FOL-1-204 |p 2308, 9086 |r 2016-12-01 00:00:00 |w 2016-12-01 |y ARXIU | ||
| 999 | |c 50888 |d 50888 | ||